[Event "Moehnesee Cup-B 37th"]
[Site "Moehnesee"]
[Date "2011.09.02"]
[Round "2"]
[White "Hess, Jan Marcel"]
[Black "Wiesemann, Peter"]
[Result "0-1"]
[WhiteElo "1265"]
[BlackElo "1737"]
[PlyCount "50"]
[EventDate "2011.09.01"]
[EventType "swiss"]
[EventRounds "7"]
[EventCountry "GER"]
[SourceTitle "EXT 2013"]
[Source "ChessBase"]
[SourceDate "2012.11.22"]
[SourceVersion "1"]
[SourceVersionDate "2012.11.22"]
[SourceQuality "1"]

1. e4 g6 2. Nf3 c5 3. c3 Nc6 4. d4 cxd4 5. cxd4 Bg7 6. Be3 Nf6 7. Bd3 Ng4 8. 0-0 Qb6 9. Qb3 Nxd4 10. Qxb6 Nxf3+ 11. gxf3 axb6 12. fxg4 Bxb2 13. Nd2 Bxa1 14. Rxa1 0-0 15. Bxb6 d6 16. h3 Ra3 17. Bf1 Be6 18. Kg2 Rfa8 19. Be3 Rxa2 20. Rxa2 Rxa2 21. f4 f5 22. gxf5 gxf5 23. exf5 Bd5+ 24. Kf2 Rb2 25. Bd4 Rxd2+ 0-1